Η αθλητιατρική στην πράξη
Saved in:
| Main Author: | |
|---|---|
| Format: | Book |
| Language: | Greek |
| Published: |
Αθήνα :
Χριστόπουλος,
1989
|
| Subjects: | |
| Tags: |
Add Tag
No Tags, Be the first to tag this record!
|
MARC
| LEADER | 00000cam a2200000 i 4500 | ||
|---|---|---|---|
| 001 | 1/80454 | ||
| 008 | 970226s1989 gr | ||| |||| ||gre|| | ||
| 035 | |a 1991 |b 2 |c Δωρεά |l 10033449 | ||
| 040 | |a GR-MY-UA |b gre |e aacr | ||
| 041 | 0 | |a gre | |
| 082 | 0 | |a 617.1027 | |
| 100 | 1 | |a Ρούσσης, Ξενοφών Αρ., |d 1952-. | |
| 245 | 1 | 2 | |a Η αθλητιατρική στην πράξη / |c Ξενοφών Αρ. Ρούσσης |
| 260 | |a Αθήνα : |b Χριστόπουλος, |c 1989 | ||
| 300 | |a 246 σ. | ||
| 650 | 0 | 0 | |a Sports medicine. |
| 650 | 0 | 0 | |a Sports injuries. |
| 852 | |a INST |b RHODES |e 19970226 |h 617.1027 ΡΟΥ |p 005400010647 |q 005400010647 |t BK |y 0 | ||
| 909 | |a Ρ |b 019820 | ||
| 922 | |a 4ΔΩΡ |b 199105 |c ΔΩΡΕΑ | ||
| 970 | |a ΧΟΡΟΖΙΔΟΥ |b ΤΖΕΝΗ |z 1999/11/11 | ||